Loading...
| Fine Arts - Visual Fine Arts | 0 | 3 | 1 | 1 | 25 | 93 | 131.00 | 1 | 3 |
| Religion | 0 | 2 | 0 | 1 | 20 | 96 | 112.50 | 1 | 2 |
| Current Events | 1 | 0 | 0 | 0 | 15 | 63 | 63.00 | 0 | 1 |
| Social Science | 0 | 1 | 0 | 0 | 10 | 116 | 116.00 | 0 | 1 |
| Geography | 0 | 1 | 0 | 0 | 10 | 81 | 81.00 | 1 | 1 |
| Literature - American Literature | 0 | 1 | 0 | 0 | 10 | 139 | 139.00 | 0 | 1 |
| Philosophy | 0 | 1 | 0 | 0 | 10 | 145 | 145.00 | 0 | 1 |
| Science - Chemistry | 0 | 1 | 0 | 0 | 10 | 145 | 145.00 | 0 | 1 |
| Science - Other Science | 0 | 1 | 0 | 1 | 10 | 135 | 135.00 | 0 | 1 |
| Literature - British Literature | 0 | 0 | 0 | 0 | 0 | 0.00 | 0 | 0 | |
| Fine Arts - Auditory Fine Arts | 0 | 0 | 0 | 0 | 0 | 0.00 | 0 | 0 | |
| History - World History | 0 | 0 | 1 | 0 | -5 | 0.00 | 0 | 0 | |
| Science - Biology | 0 | 0 | 2 | 0 | -10 | 0.00 | 0 | 0 |